Normal view MARC view

Entry Personal Name

Number of records used in: 2

001 - CONTROL NUMBER

  • control field: 68849

003 - CONTROL NUMBER IDENTIFIER

  • control field: dpl

005 - DATE AND TIME OF LATEST TRANSACTION

  • control field: 20240724164838.0

008 - FIXED-LENGTH DATA ELEMENTS

  • fixed length control field: 240724|| aca||aabn | a|a d

040 ## - CATALOGING SOURCE

  • Original cataloging agency: dpl
  • Transcribing agency: dpl

100 ## - HEADING--PERSONAL NAME

  • Personal name: Duggal,deep

670 ## - SOURCE DATA FOUND

  • Source citation: Work cat.: (dpl)204415: Duggal,deep, English reader /, 2022

© Delhi Public Library
Hit Counter
free hit counter